Biblioteca y Centro de Documentación

La seguridad alimentaria en el comercio interno y externo de la Unión Europea entre las obligaciones generales y las situaciones de emergencia (Registro nro. 47313)

Detalles MARC
000 -CABECERA
Longitud fija campo de control 01112naa a2200277 c 4500
001 - NÚMERO DE CONTROL
Número de control 47313
003 - IDENTIFICADOR DE NÚMERO DE CONTROL
Identificador del número de control ES-MaCES
005 - FECHA Y HORA DE LA ÚLTIMA TRANSACCIÓN
Fecha y hora de la última transacción 20160404104452.0
008 - CAMPO FIJO DE DESCRIPCIÓN FIJA--INFORMACIÓN GENERAL
Códigos de información de longitud fija   160404s2015 sp ||||| t||||||| ||spa d
040 ## - FUENTE DE CATALOGACIÓN
Centro catalogador de origen ES-MaCES
Lengua de catalogación spa
Centro transcriptor ES-MaCES
Centro modificado ES-MaCES
100 1# - ENCABEZAMIENTO PRINCIPAL--NOMBRE PERSONAL
9 (RLIN) 36637
Nombre de persona Strambi, Giuliana
245 13 - MENCIÓN DE TÍTULO
Título La seguridad alimentaria en el comercio interno y externo de la Unión Europea entre las obligaciones generales y las situaciones de emergencia
Mención de responsabilidad, etc. Giuliana Strambi
500 ## - NOTA GENERAL
Nota general Resumen
650 #4 - ASIENTO SECUNDARIO DE MATERIA--TÉRMINO DE MATERIA
9 (RLIN) 27663
Término de materia o nombre geográfico como elemento inicial industria de la alimentación
650 #4 - ASIENTO SECUNDARIO DE MATERIA--TÉRMINO DE MATERIA
9 (RLIN) 28667
Término de materia o nombre geográfico como elemento inicial seguridad alimentaria
650 #4 - ASIENTO SECUNDARIO DE MATERIA--TÉRMINO DE MATERIA
9 (RLIN) 28671
Término de materia o nombre geográfico como elemento inicial consumo alimentario
650 #4 - ASIENTO SECUNDARIO DE MATERIA--TÉRMINO DE MATERIA
9 (RLIN) 29918
Término de materia o nombre geográfico como elemento inicial mecanismo de control
650 #4 - ASIENTO SECUNDARIO DE MATERIA--TÉRMINO DE MATERIA
9 (RLIN) 28664
Término de materia o nombre geográfico como elemento inicial política alimentaria
650 #4 - ASIENTO SECUNDARIO DE MATERIA--TÉRMINO DE MATERIA
9 (RLIN) 30776
Término de materia o nombre geográfico como elemento inicial política comunitaria
650 #4 - ASIENTO SECUNDARIO DE MATERIA--TÉRMINO DE MATERIA
9 (RLIN) 29874
Término de materia o nombre geográfico como elemento inicial Reglamento de la CE
650 #4 - ASIENTO SECUNDARIO DE MATERIA--TÉRMINO DE MATERIA
9 (RLIN) 26752
Término de materia o nombre geográfico como elemento inicial UE
653 10 - TÉRMINO DE INDEXACIÓN--NO CONTROLADO
Término no controlado Consumo
773 0# - ENTRADA DE DOCUMENTO FUENTE
Itemnumber del ítem fuente 84162
Lugar, editor y fecha de publicación Madrid (Ayala, 20, 28001) EDIASA
Otro identificador del documento 087064
Título Revista de derecho agrario y alimentario
Número de control del registro relacionado (ES-MaCES)25431
Parte(s) relacionada(s) año 31, n. 67 (jul.-dic. 2015) {10422 R. 087064} ;p. 175-186
902 ## - CES. TIPO DE DOCUMENTO
Tipodoc (006$c Sirtex) ART Artículo de revista
942 ## - ELEMENTOS KOHA
Fuente de clasificaión o esquema Clasificación propia del CES
Koha [por defecto] tipo de item Artículos (1982-2017)
Parte de clasificación Consumo

No hay ítems disponibles.

© CES, Consejo Económico y Social de España 2021